000 00832nam a2200253Ia 4500
003 OSt
005 20220923211429.0
006 a|||||r|||| 00| 0
007 ta
008 Pun
020 _a97889178839745 (hbk)
_c200
024 _a282,849
037 _b807, 09/03/2014, H.K. Prakashan
_cTextual
040 _aARTS
_cARTS
_bPun
041 _2Pun
_aPun
082 _aV2:51wN07, 153Q2
100 _aਬਿਲਗਾ, ਭਗਤ ਸਿੰਘ
245 0 _aਮੇਰੇ ਸੰਗਰਾਮੀ ਸਾਥੀ
260 _aਲੁਧਿਆਣਾ
_b ਚੇਤਨਾ ਪ੍ਰਕਾFਨ
_c2012
300 _a158ਪੰ
_ccm.
650 _aਭਾਰਤੀਯ ਇਤਿਹਾਸ
942 _hV2:51wN07, 153Q2
_cTEXL
_2CC
999 _c299356
_d299356